An introduction to U.S. patent searching : the process /

Bibliographic Details
Main Author: Ardis, Susan
Format: Book
Language:English
Published: Englewood, Colo. : Libraries Unlimited, 1991.
Subjects:

MARC

Tag First Indicator Second Indicator Subfields
LEADER 00000cam a2200000 a 4500
001 in00001036821
005 20150928154332.0
008 910327s1991 coua b 001 0 eng
010 |a  91014507  
020 |a 0872878562 :  |c $32.50 
035 |a (OCoLC)23583161 
035 |9 AFH7444AM 
040 |a DLC  |c DLC  |d TXA  |d UtOrBLW 
049 |a TXAM 
050 0 0 |a T210  |b .A73 1991 
082 0 0 |a 608.773  |2 20 
100 1 |a Ardis, Susan. 
245 1 3 |a An introduction to U.S. patent searching :  |b the process /  |c Susan B. Ardis. 
264 1 |a Englewood, Colo. :  |b Libraries Unlimited,  |c 1991. 
300 |a xv, 221 pages :  |b illustrations ;  |c 28 cm. 
336 |a text  |b txt  |2 rdacontent 
337 |a unmediated  |b n  |2 rdamedia 
338 |a volume  |b nc  |2 rdacarrier 
504 |a Includes bibliographical references and index. 
650 0 |a Patent searching. 
740 0 |a Introduction to United States patent searching. 
999 |a MARS 
999 f f |s 67261109-6515-3e32-908f-e5f87f58863f  |i f1e07be0-cc13-3a64-ad65-de7600cea81c  |t 0 
952 f f |p ric  |a Texas A&M University  |b Rellis Campus  |c Joint Library Facility  |d Remote Storage  |t 0  |e T210 .A73 1991  |h Library of Congress classification  |i unmediated -- volume  |m A14814735054 
998 f f |a T210 .A73 1991  |t 0  |l Remote Storage